Score 0/30 Timer 02:00
0 Plays Today
TV Series Missing Word % Correct
Little ____ on the PrairieHouse
95.4%
____ Night LiveSaturday
94%
The Six ____ Dollar ManMillion
92.8%
____ Five-0Hawaii
92.1%
The Partridge ____Family
90.7%
____ and HutchStarsky
89.8%
The ____ Tyler Moore ShowMary
87.8%
Charlie's ____Angels
87.5%
____ in the FamilyAll
87.1%
Diff'rent ____Strokes
86.4%
The ____ and Cher Comedy HourSonny
85.1%
The ____ CoupleOdd
84.1%
Laverne & ____Shirley
83.2%
Mork & ____Mindy
80.8%
____ DaysHappy
80.6%
TV Series Missing Word % Correct
____ and SonSanford
79.2%
The ____ Newhart ShowBob
74.4%
The Incredible ____Hulk
74.3%
____ CompanyThree's
73.8%
The Love ____Boat
70.5%
Fantasy ____Island
70.4%
One ____ at a TimeDay
69.7%
____ Back KotterWelcome
68.1%
____ TimesGood
59%
The ____ of LifeFacts
57%
____ Is EnoughEight
56.3%
WKRP in ____Cincinnati
53%
____ Welby, M.D.Marcus
43.9%
The Flip ____ ShowWilson
42.3%
____ LucyHere's
15.9%

Today's Daily Dose

Remove Ads.
Support Sporcle.
Get the best of Sporcle when you Go Orange. This ad-free experience offers more features, more stats, and more fun while also helping to support Sporcle. Thank you for becoming a member.

You're not logged in!

Compare scores with friends on all Sporcle quizzes.
OR
Log In

Show Comments

Extras

Top Quizzes Today


Score Distribution

Your Account Isn't Verified!

In order to create a playlist on Sporcle, you need to verify the email address you used during registration. Go to your Sporcle Settings to finish the process.

Report this User

Report this user for behavior that violates our Community Guidelines.

Details: